|
|
|
|
| LEADER |
00820nam#a2200253#a#4500 |
| 001 |
009978 |
| 005 |
20160721145323.0 |
| 008 |
031216s2002####sp##################eng#d |
| 020 |
|
|
|a 8474858364
|
| 040 |
|
|
|a AR-beUNQ
|
| 099 |
|
|
|a 34-A6
|
| 100 |
1 |
|
|a Aguirre, Mariano
|
| 245 |
0 |
0 |
|a The emotion and the truth : studies in mass communication and conflict
|c Mariano Aguirre ; Francisco Ferrándiz.
|
| 260 |
|
|
|a Bilbao :
|b Universidad de Deusto,
|c 2002
|
| 300 |
|
|
|a 160 p
|
| 650 |
|
7 |
|a GUERRA
|2 Spines
|
| 650 |
|
7 |
|a MEDIOS DE COMUNICACION DE MASAS
|2 Spines
|
| 650 |
|
7 |
|a INFORMACION POLITICA
|2 Spines
|
| 650 |
|
7 |
|a CONFLICTOS SOCIALES
|2 Spines
|
| 653 |
|
|
|a COMUNICACION SOCIAL
|
| 700 |
1 |
|
|a Ferrándiz, Francisco
|
| 929 |
|
|
|a COMPRA
|b Oficina Cultural
|d 35,00E
|e 20031215
|f patrimonio
|j 35473
|
| 942 |
|
|
|c LIB
|n 0
|
| 999 |
|
|
|c 12401
|d 87788
|